000 00809cam a22002653a 4500
001 33277
003 PGUSA
005 20140828083723.0
008 100727s2010||||xxu|||||s|||||000 1 eng d
040 _aPGUSA
_beng
042 _adc
050 4 _aPR
100 1 _aJenkins, Herbert George,
_d1876-1923
245 1 0 _aJohn Dene of Toronto :
_bA Comedy of Whitehall
_h[electronic resource] /
_cHerbert George Jenkins
260 _bProject Gutenberg,
_c2010
506 _aPublic domain in the USA.
516 _aElectronic text
653 _aInventors -- Fiction
653 _aSecret service -- Fiction
653 _aWhitehall (London, England) -- Fiction
653 _aMissing persons -- Fiction
830 0 _aProject Gutenberg
_v33277
856 4 0 _uhttp://www.gutenberg.org/ebooks/33277
942 _cEB
999 _c262532
_d262532